01756nam a2200421 a 4500001001200000003000800012006001900020007001500039008004100054010001700095015001900112016001800131020003900149020003600188020003800224020003500262040002100297035002100318050002300339082001400362100002600376245009600402260005500498300001100553490003100564504006400595505020000659533015200859650001301011650001701024650002401041650004801065655002901113710001701142830003201159856012601191999001701317ebr10335362CaPaEBRm u cr cn|||||||||080311s2008 miu sb s001 0 eng  z 2008011488 aGBA8B74612bnb7 z0147726572Uk z9780472070473 (cloth : alk. paper) z0472070479 (cloth : alk. paper) z9780472050475 (pbk. : alk. paper) z0472050478 (pbk. : alk. paper) aCaPaEBRcCaPaEBR a(OCoLC)50305082314aK5304b.K34 2008eb04a341.62221 aKahn, Paul W.,d1952-10aSacred violenceh[electronic resource] :btorture, terror, and sovereignty /cPaul W. Kahn. aAnn Arbor :bUniversity of Michigan Press,cc2008. a233 p.1 aLaw, meaning, and violence aIncludes bibliographical references (p. 179-205) and index.0 aTorture and sovereignty -- Torture and international law -- The current debate : torture in the War on Terror -- A primer on political violence -- Crossing the border between law and sovereignty. aElectronic reproduction.bPalo Alto, Calif. :cebrary,d2013.nAvailable via World Wide Web.nAccess may be limited to ebrary affiliated libraries. 0aTorture. 0aSovereignty. 0aPolitical violence. 0aTerrorismxPreventionxLaw and legislation. 7aElectronic books.2local2 aebrary, Inc. 0aLaw, meaning, and violence.40uhttp://site.ebrary.com/lib/rucke/Doc?id=10335362zAn electronic book accessible through the World Wide Web; click to view c53321d53321